Normal view
MARC view
- Chin, Beverly Ann
Entry Personal Name
001 - CONTROL NUMBER
- control field: 15645
003 - CONTROL NUMBER IDENTIFIER
- control field: OSt
005 - DATE AND TIME OF LATEST TRANSACTION
- control field: 20161001135212.0
008 - FIXED-LENGTH DATA ELEMENTS
- fixed length control field: 161001|| aca||aabn | a|a d
040 ## - CATALOGING SOURCE
- Original cataloging agency: OSt
100 ## - HEADING--PERSONAL NAME
- Personal name: Chin, Beverly Ann
